<?xml version="1.0" encoding="UTF-8"?>
<collection xmlns="http://www.loc.gov/MARC21/slim">
 <record>
  <leader>01726nam a22002777a 4500</leader>
  <controlfield tag="001">NCT_70980</controlfield>
  <controlfield tag="008">190925b        xxu||||| |||| 00| 0 vie d</controlfield>
  <datafield tag="999" ind1=" " ind2=" ">
   <subfield code="c">3454</subfield>
   <subfield code="d">3454</subfield>
  </datafield>
  <datafield tag="020" ind1=" " ind2=" ">
   <subfield code="c">29000</subfield>
  </datafield>
  <datafield tag="082" ind1="0" ind2="4">
   <subfield code="2">23rd ed.</subfield>
   <subfield code="a">158.2</subfield>
   <subfield code="b">L462H</subfield>
  </datafield>
  <datafield tag="245" ind1="1" ind2="0">
   <subfield code="a">Tình bạn =</subfield>
   <subfield code="b">Friendship</subfield>
   <subfield code="c">Đào Chính, Đoan Nghiêm (tuyển chọn và dịch)</subfield>
  </datafield>
  <datafield tag="260" ind1=" " ind2=" ">
   <subfield code="a">Tp. Hồ Chí Minh</subfield>
   <subfield code="b">Văn hóa Sài Gòn</subfield>
   <subfield code="c">2010</subfield>
  </datafield>
  <datafield tag="300" ind1=" " ind2=" ">
   <subfield code="a">179 tr.</subfield>
   <subfield code="b">21cm</subfield>
  </datafield>
  <datafield tag="490" ind1="0" ind2=" ">
   <subfield code="a">Lời hay ý đẹp</subfield>
  </datafield>
  <datafield tag="500" ind1=" " ind2=" ">
   <subfield code="a">Sách song ngữ</subfield>
  </datafield>
  <datafield tag="520" ind1="3" ind2=" ">
   <subfield code="a">Sách chắt lọc những câu nói hay và ý nghĩa về tình bạn đã được đúc kết, chắt lọc từ những trải nghiệm thực trong cuộc sống.</subfield>
  </datafield>
  <datafield tag="653" ind1=" " ind2=" ">
   <subfield code="a">Sách tham khảo</subfield>
  </datafield>
  <datafield tag="700" ind1="1" ind2=" ">
   <subfield code="a">Đào Chính</subfield>
   <subfield code="e">Tuyển chọn, dịch</subfield>
  </datafield>
  <datafield tag="700" ind1="0" ind2=" ">
   <subfield code="a">Đoan nghiêm</subfield>
   <subfield code="e">Tuyển chọn, dịch</subfield>
  </datafield>
  <datafield tag="942" ind1=" " ind2=" ">
   <subfield code="2">ddc</subfield>
   <subfield code="c">BK</subfield>
  </datafield>
  <datafield tag="952" ind1=" " ind2=" ">
   <subfield code="0">0</subfield>
   <subfield code="1">0</subfield>
   <subfield code="2">ddc</subfield>
   <subfield code="4">0</subfield>
   <subfield code="6">158_200000000000000_L462H</subfield>
   <subfield code="7">0</subfield>
   <subfield code="9">18003</subfield>
   <subfield code="a">000001</subfield>
   <subfield code="b">000001</subfield>
   <subfield code="d">2019-09-25</subfield>
   <subfield code="l">1</subfield>
   <subfield code="o">158.2 L462H</subfield>
   <subfield code="p">TK.01739</subfield>
   <subfield code="r">2020-03-03</subfield>
   <subfield code="s">2019-12-25</subfield>
   <subfield code="v">29000.00</subfield>
   <subfield code="w">2019-09-25</subfield>
   <subfield code="y">BK</subfield>
  </datafield>
  <datafield tag="952" ind1=" " ind2=" ">
   <subfield code="0">0</subfield>
   <subfield code="1">0</subfield>
   <subfield code="2">ddc</subfield>
   <subfield code="4">0</subfield>
   <subfield code="6">158_200000000000000_L462H</subfield>
   <subfield code="7">0</subfield>
   <subfield code="9">18004</subfield>
   <subfield code="a">000001</subfield>
   <subfield code="b">000001</subfield>
   <subfield code="d">2019-09-25</subfield>
   <subfield code="o">158.2 L462H</subfield>
   <subfield code="p">TK.01740</subfield>
   <subfield code="r">2019-09-25</subfield>
   <subfield code="v">29000.00</subfield>
   <subfield code="w">2019-09-25</subfield>
   <subfield code="y">BK</subfield>
  </datafield>
  <datafield tag="952" ind1=" " ind2=" ">
   <subfield code="0">0</subfield>
   <subfield code="1">0</subfield>
   <subfield code="2">ddc</subfield>
   <subfield code="4">0</subfield>
   <subfield code="6">158_200000000000000_L462H</subfield>
   <subfield code="7">0</subfield>
   <subfield code="9">18005</subfield>
   <subfield code="a">000001</subfield>
   <subfield code="b">000001</subfield>
   <subfield code="d">2019-09-25</subfield>
   <subfield code="o">158.2 L462H</subfield>
   <subfield code="p">TK.01741</subfield>
   <subfield code="r">2019-09-25</subfield>
   <subfield code="v">29000.00</subfield>
   <subfield code="w">2019-09-25</subfield>
   <subfield code="y">BK</subfield>
  </datafield>
  <datafield tag="952" ind1=" " ind2=" ">
   <subfield code="0">0</subfield>
   <subfield code="1">0</subfield>
   <subfield code="2">ddc</subfield>
   <subfield code="4">0</subfield>
   <subfield code="6">158_200000000000000_L462H</subfield>
   <subfield code="7">0</subfield>
   <subfield code="9">18006</subfield>
   <subfield code="a">000001</subfield>
   <subfield code="b">000001</subfield>
   <subfield code="d">2019-09-25</subfield>
   <subfield code="o">158.2 L462H</subfield>
   <subfield code="p">TK.01742</subfield>
   <subfield code="r">2019-09-25</subfield>
   <subfield code="v">29000.00</subfield>
   <subfield code="w">2019-09-25</subfield>
   <subfield code="y">BK</subfield>
  </datafield>
  <datafield tag="952" ind1=" " ind2=" ">
   <subfield code="0">0</subfield>
   <subfield code="1">0</subfield>
   <subfield code="2">ddc</subfield>
   <subfield code="4">0</subfield>
   <subfield code="6">158_200000000000000_L462H</subfield>
   <subfield code="7">0</subfield>
   <subfield code="9">18007</subfield>
   <subfield code="a">000001</subfield>
   <subfield code="b">000001</subfield>
   <subfield code="d">2019-09-25</subfield>
   <subfield code="o">158.2 L462H</subfield>
   <subfield code="p">TK.01762</subfield>
   <subfield code="r">2019-09-25</subfield>
   <subfield code="v">29000.00</subfield>
   <subfield code="w">2019-09-25</subfield>
   <subfield code="y">BK</subfield>
  </datafield>
  <datafield tag="980" ind1=" " ind2=" ">
   <subfield code="a">Thư viện Trường Đại học Nam Cần Thơ</subfield>
  </datafield>
 </record>
</collection>
